000 00583nam a2200217 i 4500
001 C2-0131977
003 PPAK
005 20180727122656.0
008 971020s1992 enka|||| ||||| | eng d
020 _a1851031278
040 _aPPAK
_beng
_cPPAK
_erda
082 0 4 _a333.7
_223
090 0 0 _a333.7
_bWHA
_dRK
245 0 0 _aWhat are things made of?
264 1 _aLondon :
_bMoonlight Publishing ,
_c1992
300 _a77 pages :
_bcolour illustrations ;
_c28 cm
336 _2rdacontent
_atext
337 _2rdamedia
_aunmediated
338 _2rdacarrier
_avolume
942 _ddc
_cB
999 _c41123
_d41123